00691nam a2200181 450000500170000000800410001702000150005805000210007310000560009424500630015025000120021326000510022530000230027650000620029965000450036165000540040665100490046020150827163005.0150630b mx ||||| |||| 00| 0 spa d a968230318404aHT321bS56 1989 1 aSinger, Paul, d[1932- ]q[Singer, Paul Israel]10aEconomía política de la urbanización c/ Paul Singer a9a ed.  aSan Paulo, Brasil : bSiglo Veintiuno, c1989. a178 p. ; c18 cm.  aTitulo original : Economia política da urbanização 72LEMBaUrbanización zAmérica Latina  72LEMBaMigración rural-urbanazAmérica Latina  72LEMBaAmérica Latina xEconomía urbana